| 000 | 00514cam a2200193ua 4500 | ||
|---|---|---|---|
| 001 | 539 | ||
| 008 | 110407n ii |||gr||||Z||||||eng | ||
| 040 | _cMAIN | ||
| 082 | _a320.3 | ||
| 245 | 1 |
_aComparative politics : _bA developmental approach / _cby Gabriel A. Almond |
|
| 250 | _a1st. | ||
| 260 |
_aCalcutta: _bAmerind,966. |
||
| 300 |
_a348p: _c20cm. |
||
| 653 | _aPolitical science | ||
| 653 | _aComparative politics | ||
| 700 |
_aAlmond Gabriel A., _eAuthor. |
||
| 700 | _aPowell, G. Bingham. | ||
| 942 | _cBK | ||
| 999 |
_c477 _d477 |
||